000 00677nab a2200217 a 4500
005 20260227063944.0
008 991125s1985 mx 000 0 spa u
035 _aUPN01000178503
100 1 _aCalixto Flores, Raúl
_928624
222 _aENTRE MAESTROS :
222 _bREVISTA PARA MAESTROS DE EDUCACION BASICA
245 _a¿ Qué es el medio ambiente ? : una pregunta fundamental para la educación ambiental
260 _aMéxico
300 _a56-63
362 0 _a2009-2010 Vol. 9, no. 3, dic.-mar.
653 0 _aEDUCACION AMBIENTAL
653 0 _aEDUCACION CIENTIFICA
653 0 _aCONOCIMIENTO CIENTIFICO
653 0 _aPRACTICA DOCENTE
905 _aArticulo
999 _c150606
_d150606